00197nam a22000617a 4500008004100000020001400041245008000055140616b xxu||||| |||| 00| 0 eng d cAvailable aJournal of Power and Propulsion vol- 28 No-3 Jul-Aug 2012cTalley Douglas G